000 00409nam a2200169Ia 4500
008 221030s9999 xx 000 0 und d
020 _a8178085917
041 _aEnglish
082 _a105.23
_bHor
100 _aC. T. Horngren
245 0 _aIntroduction To Management Accounting
260 _bPearson Education
_aDelhi
_c2004
300 _a789
650 _aManagement
700 _aG. L. Sundem
942 _cBK
999 _c44
_d44